[Event "34th olm final"]
[Site "Istanbul"]
[Date "2000.11.04"]
[Round "7.4"]
[White "Asrian, Karen"]
[Black "Pedersen, Steffen"]
[Result "1-0"]
[WhiteElo "2574"]
[BlackElo "2464"]
[EventDate "2000.10.28"]
[WhiteTeam "Armenia"]
[BlackTeam "Denmark"]
[Annotator "Finkel,A"]
[PlyCount "81"]

1.e4 e6 2.d4 d5 3.Nd2 dxe4 4.Nxe4 Nd7 5.Nf3
    ( 5.Bd3 Ngf6 6.Nf3 Nxe4 7.Bxe4 Nf6 8.Bd3 c5 9.O-O cxd4 10.Nxd4 Bc5 11.
    c3 Bd7 12.Be3 Qc7 13.Re1 O-O-O ~ {Gomez Esteban,J-Kortschnoj,V/Leon
    1994} )
5...Ngf6 6.Nxf6+ Nxf6 7.Bd3 c5 8.O-O cxd4 9.Nxd4 Bc5 10.Be3
    ( 10.Nb3 Bd6 11.Bg5 Qc7
        ( 11...h6 12.Bh4 Qc7 13.Bg3!? Bxg3 14.hxg3 O-O 15.Qe2 e5! 16.Nd2
        Bg4 17.f3 Bd7 = {Suetin,A-Speelman,J/London Lloyds 1991} )
        ( 11...Bd7 12.Qe2 Qc7 13.Kh1 Be5 14.c3 h6 15.Bd2 Bf4 16.Rad1 O-O =
        {Nielsen,P-Pushkov,N/Azov 1993} )
    12.g3 h6 13.Bxf6 gxf6 14.Qf3 Bd7 15.Qxf6 Be5 16.Qh4 Bxb2 17.Rad1 Bc6
    18.Be4 Bxe4 19.Qxe4 O-O 20.c4 ~ {Zarnicki,P-Pereyra Arcija,D/ch-ARG,
    Saenz Pena City 1996} )
    ( 10.c3 O-O 11.Bg5
        ( 11.Bf4 Bxd4 12.cxd4 Bd7 13.Rc1 Bc6 14.Be5 Nd7 15.Qc2 h6 16.Bf4 {
        1/2-1/2 Payen Arnaud-Dolgener Tobias/It (b) (cat.3), Budapest
        (Hungary) 1995} )
    11...h6 12.Bh4 Bxd4 13.cxd4 Bd7 14.Re1 Bc6 15.Re5
        ( 15.Bc2 Qd5 16.f3 Rad8 17.Bxf6 gxf6 18.Re4 f5 19.Rh4 Kg7 20.Qd2
        Rh8 ~ )
    15...Qe7 16.Bc2 Rfd8 17.Qd3 ~ {Arencibia,W-Nogueiras,J/Capablanca
    Elite, Havana CUB 1997} )
    ( 10.Nb5 a6 11.Nc3 Bd7 12.Qe2 Bc6 13.Bg5 h6 14.Bxf6 Qxf6 15.Ne4 Qe7
    16.Nxc5 Qxc5 = {1/2-1/2 Zaitsev,I-Pushkov,N/RUS-chT Podolsk 1992} )
10...Qe7!?
    ( 10...Bb6 11.Bb5+
        ( 11.c3 O-O
            ( 11...e5!? N 12.Nc2
                ( 12.Bb5+ Bd7 13.Nf5 Bxb5 14.Bxb6 Qxb6 15.Qd6 Qxd6 16.
                Nxd6+ Ke7 17.Nxb5 = )
            12...O-O 13.Bg5
                ( 13.Re1 Ng4 14.Bxb6 Qxb6 15.Qf3 Rd8 16.Bc4 += )
            13...h6 14.Bh4 Bg4 = {Korneev,O-Morozevich,A/RUS-ch m1-2 1997}
            )
        12.Re1 Re8 13.Nb5 Bxe3 14.Rxe3 Qe7 15.Qf3 a6 16.Nd4 += {
        Beliavsky,A-Ehlvest,J/Erevan olm 1996} )
        ( 11.Qd2 O-O 12.Nf3 Bxe3 13.Qxe3 b6 14.Ne5 Bb7 15.c4 Qe7 16.a3
        Rfd8 = {Ljubojevic,L-Seirawan,Y/Monaco Amber blind 1994} )
    11...Bd7 12.Qe2 O-O 13.Rad1 Nd5 14.Bxd7 Qxd7 15.Bc1 Rfe8 16.c4 Nf6 17.
    Bg5 Bxd4 18.Bxf6 e5 19.Bg5 {1/2-1/2
    Nadyrhanov,S-Supatashvili,K/Cherkessk 1997} )
11.c3 O-O 12.Qf3
    ( 12.Re1!? e5
        ( 12...Nd5 13.Qh5 h6 14.Bxh6 gxh6 15.Qxh6 f6 16.Nxe6 Bxe6 17.Rxe6
        Qg7 18.Qh4 += )
    13.Bf4
        ( 13.Bg5 Rd8 14.Qc2 h6 = )
    13...Bd6 14.Qc2 Re8 15.Nf5 Bxf5 16.Bxf5 += )
12...Nd5 13.Bd2 Bxd4 14.cxd4 Bd7 = {The position is equal,but still full
of life and white manages to create very nice example of positional play,
of coarse with some help of black.} 15.Rfe1
    ( 15.Qe4!? )
15...Bc6 16.Qg4 Rae8?!
    ( 16...Rfe8 17.Bh6 Qf8 18.Rac1 Rad8 19.Bg5 Rd7 20.Qe4 g6 ~ )
17.Qg3!? f5?! {There was no need to weaken the position with f5.}
    ( 17...Qf6 18.Re4 $36 )
18.Re5 Qc7 19.Rae1 Qd7
    ( 19...Qb6 20.Bc3! )
20.Qh4 Bb5 21.Bc2! {White should keep the bishops on the board.} 21...Nb6
22.b3 Bc6
    ( 22...Rc8 23.Bb1 Rfe8 )
23.Bd3 Nd5 24.f3 b5?! 25.Qf2 Nf6 26.Kh1?!
    ( 26.Bf1! )
26...Bd5?!
    ( 26...Ne4! 27.Bxe4
        ( 27.Qe3 Nxd2 28.Qxd2 Qxd4 29.Rxe6 Rxe6 30.Rxe6 Qd7
            ( 30...Rd8!? )
        31.Re1 Rd8 32.Qc2 = )
    27...fxe4 28.f4 Rf5 29.Rc1 += )
27.Bb4 Rf7 28.Qe2 Rb8
    ( 28...a6? 29.Bxf5 +- )
29.Qd2 h6
    ( 29...Qb7 )
30.Bf1 a6 31.Rc1 Qb7
    ( 31...Rc8 32.Ree1
        ( 32.Rc5 Qb7 33.Re1 Rfc7 34.Rec1 Rc6 += )
    32...Qb7 33.Rxc8+ Qxc8 34.Bd6! += )
32.Ree1 Rd8?! {Black underestimates the importance of c-file.}
    ( 32...Rc7! )
33.Ba5 Re8 34.Rc5 Rd7 35.Rec1 +/- e5? {Suicide.} 36.Rc7 Rxc7 37.Rxc7 Qb8
    ( 37...Qa8 38.dxe5 Rxe5 39.Bc3 Re6 40.Bxf6 Rxf6 41.Rd7! +- )
38.dxe5 Rxe5 39.Rc5 Qf8
    ( 39...Qe8 40.Bc3 +- )
40.Qd4! Qd6
    ( 40...Qe8 41.Bc3 +- )
41.Bc7 1-0

[Event "34th olm final"]
[Site "Istanbul"]
[Date "2000.11.05"]
[Round "8.3"]
[White "Hansen, Lars Bo"]
[Black "Arlandi, Ennio"]
[Result "1-0"]
[WhiteElo "2562"]
[BlackElo "2421"]
[EventDate "2000.10.28"]
[WhiteTeam "Denmark"]
[BlackTeam "Italy"]
[Annotator "Hecht"]
[PlyCount "103"]

1.Nf3 Nf6 2.g3 d5 3.Bg2 e6 4.c4 Be7 5.d4 O-O 6.O-O dxc4 7.Qc2 a6 8.Qxc4 b5
9.Qc2 Bb7 10.Bg5 Nbd7 11.Bxf6 Nxf6 12.Nbd2 Rc8 13.Nb3 c5 14.dxc5 Be4 15.
Qc3 Nd7 16.Rfd1 Qc7 17.Rac1 Nxc5 18.Qe3 Bd5 19.Ne5 Bxg2 20.Kxg2 Qb7+ 21.f3
Nxb3 22.Qxb3 Rxc1 23.Rxc1 Rc8 24.Qe3 Rxc1 25.Qxc1 Bd6 26.Nd3 {# Eine etwa
gleiche Stellung verwandelt Arlandi in der Folge in eine schlechtere.
Ursache: der schwaechende Bauernvorstoss f5. Danach wird der Springer
immer beweglicher.Taktik!} 26...a5 27.b3 h6 28.Qc3 a4 29.Qa5 Qc6 30.Qd2
axb3 31.axb3 f5!? 32.Nf2 Bc5 33.Qc3 Qd5 34.Nd3 Bd4 35.Qc8+ Kh7 36.Nf4 Qxb3
37.Nxe6 Qc3?
    ( 37...Bf6! )
38.Qd7! +/- Be5?
    ( 38...Be3 $142 )
39.Nf8+ Kg8 40.Ng6 Bf6 41.Qe8+ Kh7 42.h4! Qc4 43.h5 Qg8 44.Qxb5 Qc8 45.Qd3
Kg8 46.Nf4 Bg5 47.Qd5+ Kh7 48.Ne6 Qc2 49.Nd4 +- Qd2 50.Qxf5+ Kh8 51.Qc8+
Kh7 52.Qc2+ 1-0

[Event "34th olm final"]
[Site "Istanbul"]
[Date "2000.11.07"]
[Round "10.1"]
[White "Smirin, Ilia"]
[Black "Hansen, Curt"]
[Result "1/2-1/2"]
[WhiteElo "2674"]
[BlackElo "2620"]
[EventDate "2000.10.28"]
[WhiteTeam "Israel"]
[BlackTeam "Denmark"]
[Annotator "Ftacnik"]
[PlyCount "57"]

1.e4 c5 2.Nf3 d6 3.d4 cxd4 4.Nxd4 Nf6 5.Nc3 a6 6.Be2 e6 7.O-O Be7 8.f4 Qc7
9.a4 Nc6 10.Be3 O-O 11.Kh1 Re8 12.a5 Nxa5 13.e5 dxe5 14.fxe5 Qxe5 15.Bf4
Qc5 16.Na4 Qa7 17.Be3!? {The novelty in the critical position of the
hugely popular line 12.a5!? Black will sacrifice the exchange and keep
balance.}
    ( 17.Bc7 b5
        ( 17...Nc6 18.Nb6 Nxd4 19.Qxd4 Bd7 20.Qf4 Bc6 21.Nxa8 Qxa8 22.Bf3
        Bxf3 23.Rxf3 {1-0 Volokitin,A-Gashimov,V/Artek 2000/ (35)} )
    18.Nb6
        ( 18.Bxa5 bxa4 19.Bf3 Bb7 20.Nc6 Qe3 21.Rxa4 Bf8 22.Bc3 Qc5 {0-1
        Klovans,J-Palac,M/Biel 1997/ (31)} )
    18...Rb8
        ( 18...Qxc7 19.Nxa8 Qd8 20.Rxa5 Bb7 21.Bf3 Nd5 22.Qa1 Bd6 23.Rxa6
        {1-0 Moroz,A-Savchenko,S/Ordzhonikidze 2000/ (75)} )
    19.Bxb8 Qxb6 20.Be5 Nc4 21.Bxc4 bxc4 22.Qe2
        ( 22.Qf3 Bb7 23.Qf2 Qc5 24.Rae1 Rf8 25.Qg3 Nh5 26.Qg4 g6 {1/2-1/2
        Berndt,S-David,A/Germany 2000/ (43)} )
    22...Bb7 23.Qxc4 Ng4 24.Qe2 Nxe5 25.Qxe5 Bf6 26.Rxf6 gxf6 27.Qxf6 {1-0
    Volokitin,A-Savchenko,S/Bad Wiessee 2000/ (33)} )
17...Rd8
    ( 17...Nd5 18.Bg1 b6 19.c4 Nb4 20.Nxe6 $36 )
18.Nf5 exf5 $8
    ( 18...Rxd1? 19.Nxe7+ Kf8 20.Bxa7 Rxf1+ 21.Bxf1 Kxe7 22.Bc5+ Kd8 23.
    Nb6 +- )
19.Bxa7 Rxd1 20.Rfxd1 Rxa7 21.Nb6 Be6! {The key move in the defense, black
values his active bishops.}
    ( 21...Nc6? 22.Nxc8 Ra8 23.Nxe7+ Nxe7 24.Bf3 +/- )
22.Rxa5 Ne4 23.Kg1
    ( 23.Rf1? Bd8 -+ )
23...g6
    ( 23...Bc5+?? 24.Rxc5 Nxc5 25.Rd8# )
24.Kf1
    ( 24.Nd5 Bc5+ 25.Kf1 Kg7 = )
24...Bb4 25.Ra4 Bc5 26.Nd7
    ( 26.Nd5 b5 27.Raa1 Kg7 = )
26...Be7 27.Nb6 Bc5 28.Nd7 Be7 29.Nb6 1/2-1/2

[Event "34th olm final"]
[Site "Istanbul"]
[Date "2000.11.07"]
[Round "10.3"]
[White "Psakhis, Lev"]
[Black "Hansen, Lars Bo"]
[Result "1/2-1/2"]
[WhiteElo "2624"]
[BlackElo "2562"]
[EventDate "2000.10.28"]
[WhiteTeam "Israel"]
[BlackTeam "Denmark"]
[PlyCount "81"]

1.e4 c6 2.d4 d5 3.e5 c5 4.dxc5 Nc6 5.Bb5 e6 6.Qg4 Ne7 7.Nf3 Nf5 8.Bd3 f6
9.Bxf5 exf5 10.Qg3 fxe5 11.Nxe5 Qe7 12.O-O Qxe5 13.Qxe5+ Nxe5 14.Re1 Bxc5
15.Rxe5+ Kf7 16.Be3 Bxe3 17.Rxe3 Be6 18.Nd2 d4 19.Re2 Bd5 20.Re5 Rhd8 21.
Rxf5+ Kg8 22.Rf4 Rac8 23.Rxd4 Bxg2 24.Rxd8+ Rxd8 25.Kxg2 Rxd2 26.Rc1 Kf7
27.Kf3 Kf6 28.a4 Rd5 29.Re1 Rf5+ 30.Kg2 Rg5+ 31.Kh1 Rc5 32.Re2 Rc4 33.b3
Rc3 34.Kg2 g5 35.Rd2 Ke6 36.h3 h5 37.Kh2 h4 38.Kg2 b6 39.Kh2 a5 40.Kg2 Ke5
41.Kh2 1/2-1/2

[Event "34th olm final"]
[Site "Istanbul"]
[Date "2000.11.08"]
[Round "11.2"]
[White "Xu Jun"]
[Black "Nielsen, Peter Heine"]
[Result "1-0"]
[WhiteElo "2665"]
[BlackElo "2580"]
[EventDate "2000.10.28"]
[WhiteTeam "China"]
[BlackTeam "Denmark"]
[Annotator "Heine Nielsen"]
[PlyCount "123"]

1.d4 {Lutz} 1...d5 2.c4 c6 3.Nc3 Nf6 4.Nf3 e6 5.Bg5 h6 6.Bh4 dxc4 7.e4 g5
8.Bg3 b5 9.Be2 Bb7 10.h4 b4 {'!?' Lutz. It seems to me that so far this
move have been underestimated. It does weaken blacks position, but he wins
the e4 pawn, and if he succeeds in castling quenside, his king is as safe
as whites Lutz: 'Ein sehr scharfer Zug. Schwarz zerstoert seine Struktur
am Damenfluegel, gewinnt dafuer aber den Pe4.'}
    ( 10...g4 {Lutz} )
11.Na4
    ( 11.hxg5 bxc3 12.gxf6 cxb2 13.Rb1 Qa5+ 14.Kf1 c3 15.Ne5 {Is whites
    best try for an advantege I guess. Blacks pawns are surely dangerous,
    but white s direct attack might succeed. Fritz likes black, but
    without testing in practise its difficult evaluating such unbalanced
    positions} )
11...Nxe4 12.Be5 Rg8! {'!?' Lutz. Why everybody prefers the weakening
12...f6 I cant understand. Blacks is a pawn up if white takes on c4, and
whites compensation isn't that obvious Lutz: 'Dieser Zug wurde bislang
selten gespielt. Meistens gab man 12...f6 den Vorzug.'}
    ( 12...f6 {Lutz} 13.Bxb8!?
        ( 13.Qc2!? c5 14.Bxc4!? fxe5 15.O-O-O exd4 16.Rhe1 Qc7 17.Bd3 ~ {
        0-1 Sherbakov,R-Yagupov,I/St Petersburg 1999/CBM 74/[Lutz] (54)} )
    13...Rxb8 14.hxg5 b3? 15.axb3 fxg5 16.O-O +/- {1-0
    Ivanov,S-Sitnikov,D/Smolensk 2000/CBM 77/[Lutz] (22)} )
13.hxg5 {It is an i dea leaving out this exchange, as black now gets g5
for his queen in some lines. Still its logical opening the line, blacks
rooks just have left.} 13...hxg5
    ( 13...Nxg5!? {Lutz} 14.Nd2 Nd7 15.Bg3 Nb6 16.Nxc4 Nxc4 17.Bxc4 Ne4
    18.Bh4 Be7 19.Bxe7 Qxe7 20.Bd3 Nf6?!
        ( 20...c5 $132 )
    21.Nc5 O-O-O?!
        ( 21...Rd8!? )
    22.Qa4! Rg5
        ( 22...Rxd4 23.Qxa7 Rg5 24.Nxb7 Rxd3 25.Qa6 +/- )
    23.Ba6 Rxc5 24.Bxb7+ Qxb7 25.dxc5 +/- {1-0
    Malakhatko,V-Sumets,A/Alushta 1999/EXT 2001 (38)} )
14.Bxc4 Nd7 15.Qd3 g4 {Lutz: 'Beide Seiten spielen sehr geradlinig.'}
    ( 15...c5 16.d5 Nxe5 17.Nxe5 Bxd5 18.Bb5+ Ke7 {Might be possible, but
    as black is better in a much simpler way, white needs to improve
    earlier anyway} )
16.Qxe4 gxf3 17.gxf3
    ( 17.Qxf3 Qa5
        ( 17...Nxe5 18.dxe5 Qa5
            ( 18...Qg5! {Is better for black} )
        19.O-O-O )
    18.O-O-O Qxa4 19.Rh7 {Seems to much too dangerous for black} 19...
    O-O-O
        ( 19...Nxe5 20.dxe5 Rg7 21.Rxg7
            ( 21.Bxe6 Rxh7 22.Bd7+ Kd8 23.Bxc6+ Kc7 24.Rd7+ Kc8 25.Rd8+
            Kc7 26.Rd7+ {Is Fritz way to a draw, but although I cant find
            it, there must be more in it for white} )
        21...Bxg7 22.Bxe6 Bh6+ 23.Kb1 fxe6 24.Qh5+ Ke7 25.Qh4+ Ke8 26.b3
        Qa5 27.Qxh6 Qxe5 28.Qg6+ )
    20.Qxf7 {Is winning due to blacks poor coordination })
17...Qa5
    ( 17...Nxe5 18.dxe5 Qa5 19.O-O-O Qxa4 20.Qd3 {Wins} )
18.Nc5 Bxc5 19.dxc5 Nxe5 20.Qxe5 O-O-O {Lutz: 'Schwarz ist mit Vorteil aus
der Eroeffnung gekommen. Er hat nur noch das Problem des schlechten Bb7,
waehrend Weiss Sorgen mit seinem Koenig hat. Wenn sich keine wesentlichen
Verbesserungen fuer Weiss finden, kann 12...Rg8!? als eine wichtige
Neuerung bezeichnet werden.'} 21.Bb3 Qb5
    ( 21...Qc7 {Was safe and solid, but hoping for more I ended up with
    less. Still the mistake came muchlater} )
22.Rd1 Ba6
    ( 22...a5 23.Rxd8+ Rxd8 24.Rh7
        ( 24.Rh8 )
    24...Ba6 25.Bxe6+ {Is a problam, so black dont have time for the
    positionally desirable a5} 25...Kb7 26.Rxf7+ Ka8 27.Ra7+ Kxa7 28.Qc7+
    Bb7 29.Qxd8 )
23.Rd2 {White understan ds very well, that he needs to evacuate his king
to the queenside. this takes some time, but its worth the effort. With the
king stuck in the centre black has too many tactical possibilities} 23...
Kb7
    ( 23...Rxd2 {Lutz} 24.Kxd2 Qd3+ 25.Kc1 Qxf3 -/+ )
24.Kd1? {'?!' Lutz.}
    ( 24.f4! {Should have been played immediately. Now I get another
    chance.} 24...Rxd2 25.Kxd2 Qd3+ 26.Kc1 Qf3 {Is ok for black, but a
    pawn worse than the opportunity arriving in the game!} )
    ( 24.f4!? {Lutz} )
24...Ka8 {'?' Lutz. Lutz: 'Anscheinend dachte Schwarz, dass er noch Zeit
fuer diesen Zug haette. Aber neben dem Tempoverlust steht der Koenig auf
a8 eher schlechter als auf b7.'}
    ( 24...Rxd2+ 25.Kxd2 Qd3+ 26.Kc1 Qxf3 {'-/+' Lutz.} 27.Rd1 {Wasn't to
    my liking, as my king surely feels insecure. However after the greedy}
    27...Qxf2 {I just don't see what white has for his pawns!} 28.Rd7+
        ( 28.Qd6 Bb5 )
    28...Ka8 {And black has too many counterthreats} )
25.f4 Rxd2+ 26.Kxd2 Qd3+ 27.Kc1 Qf3 28.Rh8 {Lutz: 'Mit dem Tausch der
Tuerme ist klar, dass Weiss ausserhalb jeglicher Verlustgefahr ist. Im
Gegenteil, er hat nun die Initiative.'} 28...Rxh8 29.Qxh8+ Kb7 30.Qd4 Kc8?
    ( 30...Bb5 31.Qd7+ Ka6 32.Qc8+ Ka5 {Is just fine for black. The active
    Queen secures the draw. Blacks King looks fragile at a5, but the queen
    can only give perpetual} )
31.Qd6 Kb7 32.Ba4 Qd5 {'?' Lutz.}
    ( {Besser ist} 32...Qh1+ {Lutz} 33.Kd2 Qd5+ 34.Qxd5 exd5 = )
33.Qe7+ Kb8 34.Qe8+ Bc8 35.Qxc6 Qc4+ 36.Kd2 Qd4+
    ( 36...Qxf4+ 37.Kd3 {Unfortunately puts an end to blacks hopes for a
    perpetual, so my last hope was the ending that arises, which however
    is completely lost} )
37.Ke1 Qxf4 38.Qd6+ Qxd6 39.cxd6 {'+/-' Lutz. Lutz: 'Weiss hat klaren
Vorteil, da der Pd6 den schwarzen Koenig an die Grundreihe fesselt.'}
39...Bb7 40.Kd2 Bd5 41.Kd3 Bxa2 42.Kd4 f6 {Else Ke5-f6 decides} 43.Kc5 Kc8
44.Kxb4 e5 45.Kc5 Be6 46.Bc6
    ( 46.Bb5 {Lutz} 46...Kd8 47.Bc6 Bg4 48.b4 Bh3 49.b5 {Weiss fixiert den
    Pa7.} 49...f5?! {Schwarz schwaecht seine Bauernstruktur.}
        ( 49...Be6 {(Lutz) ist vielleicht besser:} 50.Kb4 {Weiss
        marschiert zum Pa7. Ich sehe nicht, wie Weiss sonst Fortschritte
        machen kann.} 50...Bc8
            ( 50...Bg4 51.Ka5 Bc8 52.d7 Bxd7 53.Bxd7 Kxd7 54.Ka6 +- )
        51.Ka5 f5 52.Kb4
            ( 52.d7 Bxd7 53.Bxd7 Kxd7 54.Ka6 e4 = )
        52...Be6 53.Kc5 f4 +/- )
    50.Kd5 +- e4 51.Ke5 Bg4 52.Bd5 Bh3 53.Be6 Bf1 54.Kxf5 Bxb5 55.Kxe4
    Bc6+ 56.Ke5 Bf3 57.Bd5 Bg4 58.f4 a5 59.f5 a4 60.f6 Ke8 61.f7+ Kf8 62.
    Be6 a3 {1-0 Xu Jun-Nielsen,P/Istanbul 2000/EXT 2001/[Lutz] (62)}
        ( 62...a3 {Lutz} 63.d7 +- )
    )
46...Kd8 47.b4 Bg4 48.b5 {Just killing. Black cant sit and wait, as white
just takes a7 with his king then} 48...f5 49.Kd5 e4 50.Ke5 Bh3 51.Bd5 Bg4
52.Be6 Be2 53.Kxf5 Bxb5 54.Kxe4 Bc6+ 55.Ke5 Bf3 56.Bd5 Bg4 57.f4 a5 58.f5
a4 59.f6 Ke8 60.f7+ Kf8 61.Be6 a3 62.d7 {Nice technique from Xu, who
played the final part of the game quickly and flawlessly} 1-0

[Event "34th olm final"]
[Site "Istanbul"]
[Date "2000.11.08"]
[Round "11.3"]
[White "Hansen, Lars Bo"]
[Black "Peng Xiaomin"]
[Result "1-0"]
[WhiteElo "2562"]
[BlackElo "2655"]
[EventDate "2000.10.28"]
[WhiteTeam "Denmark"]
[BlackTeam "China"]
[Annotator "Finkel,A"]
[PlyCount "85"]

1.d4 Nf6 2.Nf3 g6 3.Nc3 Bg7 4.e4 d6 5.Be2 O-O 6.O-O Bg4 7.Be3 Nc6 8.Qd2 e5
9.dxe5 dxe5 10.Rad1 {This variation is famous for it's drawing
tendency,but in the following game white has got a decisive advantage
straight out of the opening!} 10...Qe7
    ( 10...Qc8 11.Qc1 Rd8 12.Rxd8+ Qxd8 13.Rd1 Qf8 14.h3 Bxf3 15.Bxf3 h5
    16.Nb5 Rc8 = {Mok Tze Meng-Ker,A/Jakarta zt 1993} )
    ( 10...Qxd2 11.Rxd2 Rfd8 12.Rfd1 Rxd2 13.Rxd2 a6 14.Nd5 Nxd5 15.exd5
    Nd4 16.Bxd4 {1/2-1/2 Ricardi,P-Zarnicki,P/Mar del Plata op 1997} )
11.Bg5!?
    ( 11.Qc1 Rad8
        ( 11...Rfd8 12.Bg5 Rxd1 13.Rxd1 Be6 14.Bb5! += {
        Agter,F-Cevaal,C/NLD-chJM U16 1995} )
    12.Rxd8 Rxd8 13.Rd1 Bxf3 {1/2-1/2 Zilberman,Y-Rechlis,G/Israeli League
    2000} )
11...Bxf3
    ( 11...Rfd8? 12.Nd5 Qd6 13.Nxf6+ Bxf6 14.Qxd6 {1-0
    Kaminski,M-Khait,A/Warsaw op 1992} )
12.Bxf3 Qc5?! {First step in the wrong direction.}
    ( 12...Nd4! 13.Nd5 Qd6 14.Bxf6 Nxf3+ 15.gxf3 Bxf6 16.Qe3 Bg7 ~ )
13.Bxf6!? Bxf6 14.Nd5 Qd6
    ( 14...Bd8 15.b4 Qb5 16.Be2 Qa4 17.c3 += )
15.Qe3 Nd4?! {After this inaccuracy white's advantage becomes quiet
significient.}
    ( 15...Rad8 16.c3 a6 17.Rd2 Ne7 18.Nxf6+ Qxf6 19.Rfd1 Rxd2 20.Rxd2 Qe6
    21.a3 Nc6 = )
16.c3 Nxf3+ 17.Qxf3 += Bg7
    ( 17...Bg5 18.Rd3 Rad8 19.Rfd1 c6 20.Nb6 Qe6 21.Nd7 Rfe8 22.b3 += )
18.Rd3 c6? {This move not only looks like suicide-it really is!}
    ( 18...Rad8 19.Rfd1 c6 20.Nb6 Qe7 21.Nd7 Rfe8 22.b4 += )
19.Nb6 Qxd3 20.Qxd3 axb6 21.Qd7! +/-
    ( 21.a3 Rad8 22.Qe2 Rd7 23.Rd1 Rfd8 24.Rxd7 Rxd7 += )
21...Rxa2 22.Rb1!
    ( 22.Qxb7?! Rxb2 23.Qxc6 Rd8 24.Qc7 Rdd2
        ( 24...Ra8 25.Rd1 h5 26.g3 +/- )
    25.Qb8+ Bf8 26.Qxe5 Bc5 $132 )
22...Ra7 23.g3 b5?! 24.Qe7 Rfa8 25.Rd1
    ( 25.Kg2!? )
25...Ra1 26.Rxa1 Rxa1+ 27.Kg2 Ra2 28.Qxb7 Rxb2 29.Qxc6 Bf8
    ( 29...f6? 30.Qd5+ Kf8 31.Qa8+ Kf7 32.Qa3 )
30.Qd5 Bg7 31.Qd6! h5 32.Qb8+ Kh7 33.c4 b4 34.c5 Rc2
    ( 34...b3 $8 35.c6 Rc2 36.Qxb3 Rxc6 37.Qxf7 +- )
35.Qxb4 +- Kg8 36.Qb5 Bf8 37.c6 Bd6 38.Qd5 Bc7 39.Qd7 Bb6 40.Qe8+ Kg7 41.
Qxe5+ Kh7 42.Qf6 Kg8 43.Kf1 1-0

[Event "34th olm final"]
[Site "Istanbul"]
[Date "2000.11.09"]
[Round "12.2"]
[White "Hansen, Lars Bo"]
[Black "Markowski, Tomasz"]
[Result "1/2-1/2"]
[WhiteElo "2562"]
[BlackElo "2568"]
[EventDate "2000.10.28"]
[WhiteTeam "Denmark"]
[BlackTeam "Poland"]
[PlyCount "67"]

1.d4 d5 2.c4 e6 3.Nc3 c6 4.e3 Bd6 5.Qc2 f5 6.f4 Nf6 7.Nf3 O-O 8.Be2 Nbd7
9.O-O Ne4 10.Rb1 Ndf6 11.b4 a6 12.c5 Bc7 13.Bd2 Bd7 14.Be1 h6 15.Ne5 Be8
16.a4 Nxc3 17.Bxc3 Ne4 18.Rb2 Bxe5 19.dxe5 g5 20.Bd4 Rf7 21.Bd3 gxf4 22.
exf4 Rg7 23.Qe2 Kh7 24.Qe1 Qe7 25.Bf2 Bh5 26.Bh4 Qf7 27.h3 Rag8 28.Kh2 Qg6
29.Rg1 Rd7 30.a5 Qf7 31.Rc2 Bg6 32.Rb2 Bh5 33.Rc2 Bg6 34.Rb2 1/2-1/2

[Event "34th olm final"]
[Site "Istanbul"]
[Date "2000.11.09"]
[Round "12.3"]
[White "Macieja, Bartlomiej"]
[Black "Hansen, Sune Berg"]
[Result "1/2-1/2"]
[WhiteElo "2565"]
[BlackElo "2556"]
[EventDate "2000.10.28"]
[WhiteTeam "Poland"]
[BlackTeam "Denmark"]
[PlyCount "101"]

1.e4 c5 2.Nc3 d6 3.f4 g6 4.Nf3 Bg7 5.Bc4 Nc6 6.d3 e6 7.O-O Nge7 8.Qe1 h6
9.a3 a6 10.Ba2 b5 11.Kh1 Rb8 12.e5 Nf5 13.exd6 Nxd6 14.Ne4 Nxe4 15.dxe4
O-O 16.c3 c4 17.Be3 Qc7 18.e5 Ne7 19.Qf2 Nd5 20.Bc5 Nxf4 21.Bd6 Qb7 22.
Rad1 Nd3 23.Qe2 Re8 24.b3 Ra8 25.bxc4 bxc4 26.Bxc4 Nf4 27.Qd2 g5 28.h4 Qe4
29.Qd4 Bb7 30.Qxe4 Bxe4 31.Rd4 Bxf3 32.Rxf3 Ng6 33.hxg5 Bxe5 34.Bxe5 Nxe5
35.Rg3 hxg5 36.Rxg5+ Ng6 37.Rd6 Kg7 38.Bxa6 Reb8 39.a4 Rb3 40.Rc5 Nh4 41.
Rc8 Rxc8 42.Bxc8 Rxc3 43.Bb7 Rb3 44.Be4 Rb4 45.Bc2 Rb2 46.Rc6 Ra2 47.Rc5
Nf5 48.Bxf5 exf5 49.Ra5 f4 50.Kg1 Kf6 51.Kf1 1/2-1/2

[Event "34th olm final"]
[Site "Istanbul"]
[Date "2000.11.10"]
[Round "13.1"]
[White "Hansen, Curt"]
[Black "Krakops, Maris"]
[Result "1-0"]
[WhiteElo "2620"]
[BlackElo "2517"]
[EventDate "2000.10.28"]
[WhiteTeam "Denmark"]
[BlackTeam "Latvia"]
[Annotator "Huzman"]
[PlyCount "63"]

1.c4 Nf6 2.Nc3 g6 3.e4 d6 4.d4 Bg7 5.Nf3 O-O 6.Be2 e5 7.O-O Nc6 8.d5 Ne7
9.b4 Nh5 10.Re1 Nf4 11.Bf1 a5 12.bxa5 Rxa5 13.a4 f5 14.Ra3 c5?!
    ( 14...h6 15.Bxf4
        ( 15.exf5 Nxf5 16.Ne4 g5 17.g3 Ng6 18.c5 dxc5 19.Bc4 Nd6 20.Nfd2
        b6 21.Ba2 Bf5 -/+ {0-1 Bareev,E-Spasov,V/Elista 1998/CBM 66 ext
        (35)} )
    15...exf4 16.e5 dxe5 17.Nxe5 Qd6 18.c5 Rxc5 19.Nc4 Qd8 20.d6 cxd6 21.
    Qxd6 Qxd6 22.Nxd6 Nc6 23.Ncb5 Be5 =+ {1/2-1/2
    Lobo,J-Bernal,J/Catalunya t-ch 1998 (41)} )
    ( 14...fxe4 15.Nxe4 Bg4 16.h3 Bxf3 17.Rxf3 Qd7 18.Ra3 Rfa8 19.Nc3 c6
    20.Bd2 +/- {1-0 Prudnikova,S-Petrovic,M/YUG-chW Belgarde 1999 (95)} )
    ( 14...b6 15.Bxf4 exf4 16.e5 dxe5 17.Nb5 e4 18.Ng5 Be5 19.Rh3 h5 20.
    Nf3 Bf6 -/+ {1/2-1/2 Petrov,S-Loskutov,O/Ch Russia (1/2 final),
    Novosibirsk} )
15.Ng5! Bf6
    ( 15...Nexd5 16.Nxd5 Qxg5 17.Nxf4 exf4 18.Qxd6 fxe4 19.Rxe4 +/- )
16.Bxf4 exf4 17.Ne6 Bxe6 18.dxe6 +/- Be5
    ( 18...Bxc3 19.Rxc3 Rf6 20.exf5 Rxf5 21.Rd3 Ra6 22.Re4 +/- )
19.Nd5 Qe8 20.Qb1 Ra7 21.exf5 Nxf5 22.Qb6! Rxa4 23.Rxa4 Qxa4 24.Bd3 Qc6?!
    ( 24...Nd4 25.e7 Re8 26.Qxb7 +/- )
25.Qb1! +- Kg7 26.Bxf5 gxf5 27.e7 Ra8
    ( 27...Rf7 28.Qb5 +- )
28.Qxf5 b5 29.Qg5+ Kh8
    ( 29...Kf7 30.Qh6 Kg8 31.h3 Qe8 32.Rxe5 +- )
30.Nf6 bxc4
    ( 30...Bxf6 31.Qxf6+ Kg8 32.Qe6+ +- )
31.Qh6 Bxf6 32.Qf8+ 1-0